[Event "Mumbai Mayors Cup 5th"]
[Site "Mumbai"]
[Date "2012.06.11"]
[Round "7"]
[White "Sahu, Vikramaditya"]
[Black "Czebe, Attila"]
[Result "0-1"]
[WhiteElo "2148"]
[BlackElo "2475"]
[PlyCount "76"]
[EventDate "2012.06.07"]
[EventType "swiss"]
[EventRounds "11"]
[EventCountry "IND"]
[SourceTitle "CBM 148 Extra"]
[Source "ChessBase"]
[SourceDate "2012.06.22"]
[SourceVersion "1"]
[SourceVersionDate "2012.06.22"]
[SourceQuality "1"]

1. e4 g6 2. d4 Bg7 3. Nc3 d6 4. Nf3 a6 5. a4 b6 6. Be3 Bb7 7. Bc4 e6 8. Qd2 Nf6 9. d5 exd5 10. exd5 0-0 11. 0-0 Nbd7 12. Rfe1 Ne5 13. Nxe5 dxe5 14. Bg5 Qd6 15. Rad1 Rfe8 16. Re3 h6 17. Bh4 Kh7 18. Bxf6 Qxf6 19. Rf3 Qh4 20. Qe2 f5 21. g3 Qe7 22. Rfd3 Qd6 23. Re1 e4 24. Rdd1 h5 25. Bb3 Re5 26. Qf1 Re7 27. Qc4 Rae8 28. Re2 Be5 29. Rde1 Rd8 30. Rd2 Red7 31. Qe2 Qf6 32. Qc4 Bxc3 33. bxc3 Bxd5 34. Red1 Bxc4 35. Rxd7+ Rxd7 36. Rxd7+ Kh6 37. Bxc4 Qxc3 38. Bg8 Kg5 0-1

[Event "Jalgaon op"]
[Site "Jalgaon"]
[Date "2010.11.30"]
[Round "10"]
[White "Sahu, Vikramaditya"]
[Black "Ratnakaran, Kantoli"]
[Result "1/2-1/2"]
[WhiteElo "2107"]
[BlackElo "2392"]
[PlyCount "86"]
[EventDate "2010.11.23"]
[EventType "swiss"]
[EventRounds "11"]
[EventCountry "IND"]
[SourceTitle "CBM 139 Extra"]
[Source "ChessBase"]
[SourceDate "2011.01.05"]
[SourceVersion "1"]
[SourceVersionDate "2011.01.05"]
[SourceQuality "1"]

1. Nf3 Nf6 2. b3 d6 3. g3 e5 4. d3 Be7 5. Bg2 Nc6 6. Bb2 0-0 7. Nbd2 a5 8. a3 h6 9. 0-0 Be6 10. c4 Qd7 11. Bc3 Bh3 12. b4 Nh5 13. b5 Nd8 14. d4 exd4 15. Nxd4 Nf4 16. Bxh3 Nxh3+ 17. Kh1 Ng5 18. f4 Nh7 19. e4 Bf6 20. Qc2 Bxd4 21. Bxd4 f5 22. exf5 Rxf5 23. Rae1 c5 24. Bc3 d5 25. cxd5 Qxd5+ 26. Qe4 Nf7 27. Nc4 Nf6 28. Bxf6 Qxe4+ 29. Rxe4 Rxf6 30. Rd1 g5 31. Rd7 b6 32. Ree7 gxf4 33. gxf4 Rb8 34. Ne5 Nxe5 35. fxe5 Rg6 36. Rd6 Rxd6 37. exd6 Rd8 38. d7 Kf8 39. Re6 Rxd7 40. Rxb6 Rd3 41. Rc6 Rxa3 42. Rxc5 Rb3 43. b6 Rxb6 1/2-1/2

[Event "Mumbai Mayors Cup 1st"]
[Site "Mumbai"]
[Date "2008.05.18"]
[Round "10"]
[White "Joshi, Pankaj"]
[Black "Sahu, Vikramaditya"]
[Result "1-0"]
[WhiteElo "2284"]
[BlackElo "2058"]
[PlyCount "85"]
[EventDate "2008.05.11"]
[EventType "swiss"]
[EventRounds "11"]
[EventCountry "IND"]
[SourceTitle "CBM 124 Extra"]
[Source "ChessBase"]
[SourceDate "2008.07.03"]
[SourceVersion "1"]
[SourceVersionDate "2008.07.03"]
[SourceQuality "1"]

1. d4 Nf6 2. c4 c5 3. d5 e5 4. Nc3 d6 5. e4 Nbd7 6. Nf3 Be7 7. h3 a6 8. Bd3 0-0 9. g4 Ne8 10. Rg1 b5 11. cxb5 Nc7 12. bxa6 Bxa6 13. Bxa6 Nxa6 14. Nd2 Nb6 15. b3 Bg5 16. Rg3 Bf4 17. Rf3 h5 18. Nf1 hxg4 19. hxg4 c4 20. Ne3 cxb3 21. axb3 Nc5 22. Rb1 g6 23. Rh3 Kg7 24. Qf3 Qg5 25. Ke2 Rh8 26. Rxh8 Rxh8 27. Bd2 Rh2 28. b4 Ncd7 29. Rg1 Qh6 30. Nb5 Rh3 31. Rg3 Bxg3 32. Nf5+ gxf5 33. Bxh6+ Rxh6 34. fxg3 fxe4 35. Qxe4 Nf6 36. Qf5 Nfxd5 37. g5 Rg6 38. Nxd6 f6 39. gxf6+ Nxf6 40. Qxe5 Nbd7 41. Nf5+ Kf7 42. Qe7+ Kg8 43. b5 1-0